000 00356nam a2200145Ia 4500
008 150201s2006 xx 000 0 und d
082 _a610
_bH06A
100 _aAGRAWAL , AMIT
245 _aGUIDE TO HEAD AND SPINE INJURIES
250 _a1ST
260 _bPARAS
_aHYDERABAD
_c2006
300 _a1-228
650 _aMEDICINE AND DIAGNOSIS
942 _2ddc
_cBK
999 _c1354
_d1354